000 00677nam a2200265Ia 4500
005 20260324153413.0
008 008 260324s9999 xx 000 0 eng d
020 _a9780323918343
037 _aEBOOK
040 _aCRL
040 _beng
040 _cCRL
041 _2eng
041 _aeng
084 _qCRL
100 _aAjay Kumar
245 0 _aAdvances in Additive Manufacturing: Artificial Intelligence, Nature-Inspired, and Biomanufacturing
260 _bElsevier
260 _c2023
650 _aEngineering
856 _uhttps://www.sciencedirect.com/science/book/9780323918343
942 _cEBOOK
999 _c1842788
_d1842788